LECTURES ON HOMEOPATHIC MATERIA MEDICA (Record no. 24151)
[ view plain ]
| 000 -LEADER | |
|---|---|
| fixed length control field | 00380nam a22001577a 4500 |
| 003 - CONTROL NUMBER IDENTIFIER | |
| control field | SGT |
| 082 ## - DEWEY DECIMAL CLASSIFICATION NUMBER | |
| Classification number | 615.532 |
| Item number | L65K |
| 100 ## - MAIN ENTRY--PERSONAL NAME | |
| Personal name | KENT, JAMES TYLER |
| 245 ## - TITLE STATEMENT | |
| Title | LECTURES ON HOMEOPATHIC MATERIA MEDICA |
| 250 ## - EDITION STATEMENT | |
| Edition statement | 1ST |
| 260 ## - PUBLICATION, DISTRIBUTION, ETC. (IMPRINT) | |
| Place of publication, distribution, etc | SL |
| Name of publisher, distributor, etc | M BHATTACHARYYA |
| Year of Publication | 1927 |
| 300 ## - PAGE DESCRIPTION | |
| No. of Pages | 975 |
| 650 ## - SUBJECT ADDED ENTRY--TOPICAL TERM | |
| Topical term or geographic name as entry element | HOMEOPATHIC |
| 653 ## - KEYWORDS--INDEX TERM | |
| Keyword term | LECTURES, HOMEOPATHIC, MATERIA MEDICA |
| 942 ## - ADDED ENTRY ELEMENTS (KOHA) | |
| Source of classification or shelving scheme | Dewey Decimal Classification |
| Koha item type | Rare Books |
| Withdrawn status | Lost status | Source of classification or shelving scheme | Damaged status | Use restrictions | Not for loan | Collection code | Home library | Current library | Shelving location | Date acquired | Vendor Name | Full call number | Accession No. (Barcode) | Date last seen | Bill Date | Koha item type |
|---|---|---|---|---|---|---|---|---|---|---|---|---|---|---|---|---|
| Dewey Decimal Classification | Restricted Access | AYURVEDA | SGT FA-FP Library | SGT FA-FP Library | On Display | 11/07/2023 | GIFTED | 615.532 L65K | FA12868 | 11/07/2023 | 11/07/2023 | Rare Books |